|
|
|
|
| LEADER |
00000nab a2200000uu 4500 |
| 001 |
vtls011141176 |
| 003 |
SK-MaSNL |
| 005 |
20260303151125.0 |
| 008 |
230222|1986 xo |||||||||||||||||cze| |
| 015 |
|
|
|a SNBRB
|
| 035 |
|
|
|a (urnnbn)urn:nbn:sk:snk:ar-008c9u
|
| 035 |
|
|
|a (uuid)a59d66e8-6d41-4594-a00b-91b8aa8a44ab
|
| 035 |
|
|
|a urn:nbn:sk:snk-abasy1
|
| 040 |
|
|
|a SNKBUCL
|b slo
|c SNKBUCL
|e AACR2
|
| 041 |
0 |
|
|a cze
|
| 044 |
|
|
|a xo
|c SK
|
| 100 |
1 |
|
|a Anastasios
|4 aut
|9 1170297
|
| 245 |
1 |
0 |
|a SÍLA CYRILOMETODĚJSKÉHO PRAVOSLAVÍ
|c Anastasios
|
| 773 |
0 |
|
|t Pravoslavný teologický sborník
|g Č. 13 (1986), s. 42-45
|
| 958 |
|
|
|a OND
|
| 958 |
|
|
|a EUIPO
|
| 958 |
|
|
|a article14
|
| 999 |
|
|
|c 2016134
|d 2018064
|